TRADE UNIONS (Record no. 127882)

MARC details
000 -LEADER
fixed length control field 00270pam a2200121 a 4500
020 ## - INTERNATIONAL STANDARD BOOK NUMBER
Terms of availability
041 ## - LANGUAGE CODE
Language code of original
082 ## - DEWEY DECIMAL CLASSIFICATION NUMBER
Classification number 331.88
Item number MCC
100 ## - MAIN ENTRY--PERSONAL NAME
Personal name MCCARTHY W.E.J.,
245 ## - TITLE STATEMENT
Title TRADE UNIONS
Medium Textual Documents
260 ## - PUBLICATION, DISTRIBUTION, ETC.
Place of publication, distribution, etc. ENGLAND
Name of publisher, distributor, etc. PENGUIN BOOKS LTD
Date of publication, distribution, etc. 1972
930 ## - EQUIVALENCE OR CROSS-REFERENCE-UNIFORM TITLE HEADING [LOCAL, CANADA]
Uniform title 8426
Holdings
Withdrawn status Lost status Damaged status Not for loan Collection Home library Current library Date acquired Total Checkouts Full call number Barcode Date last seen Copy number Price effective from Koha item type
          Institute of Management & Entrepreneurship Development, Pune Institute of Management & Entrepreneurship Development, Pune 18/04/2011   331.88 MCC IMP-IM-6666 01/03/2023 1 01/03/2023 Book